Yüklüyor......

Mastering Leadership

Detaylı Bibliyografya
Yazar: Williams, Michael
Materyal Türü: Printed Book
Dil:Undetermined
English
Baskı/Yayın Bilgisi: New Delhi Viva Books 2008
Edisyon:2
Konular:
LEADER 00561nam a2200193Ia 4500
008 140306s9999 xx 000 0 und d
020 |a 9788130905365 
041 |a eng 
082 |a 658.4092  |b WIL/MA 
100 |a Williams, Michael 
245 |a Mastering Leadership 
250 |a 2 
260 |a New Delhi  |b Viva Books  |c 2008 
300 |a 275 
365 |b Rs.275 
650 |a Leader mindset 
942 |2 ddc  |c BK 
999 |c 186114  |d 186114 
952 |0 0  |1 0  |2 ddc  |4 0  |6 658_409200000000000_WIL_MA  |7 0  |9 192063  |a KAUCBV  |b KAUCBV  |g 275.00  |o 658.4092 WIL/MA  |r 2014-03-22  |w 2014-03-22  |y BK